| 000 | 00493nam a22001817a 4500 | ||
|---|---|---|---|
| 003 | CEME | ||
| 005 | 20210628210539.0 | ||
| 008 | 210201b xxu||||| |||| 00| 0 eng d | ||
| 020 | _a81-7100-938-7 | ||
| 040 | _c. | ||
| 082 | _a954.91 PAK | ||
| 100 |
_aGrover, Verinder _979886 |
||
| 245 | _aGovernment and politics of asian countries | ||
| 260 |
_aNEW DELHI _bDEEP AND DEEP _c2000 |
||
| 300 | _aXII,1024P | ||
| 650 |
_aGOVERNMENT AND POLITICS OF ASIAN COUNTRIES _979887 |
||
| 942 |
_cBK _2ddc |
||
| 999 |
_c584871 _d584871 |
||